Smerom k európskej integrácii: sociálno - ekonomické aspekty pridruženia SR k EÚ zborník príspevkov z vedeckej konferencie s medzinárodnou účasťou konanej pri príležitosti 25. výročia založenia Obchodnej fakulty Ekonomickej univerzity v Bratislave

Saved in:
Bibliographic Details
Corporate Authors: Smerom k európskej integrácii: sociálno - ekonomické aspekty pridruženia SR k EÚ. Medzinárodná vedecká konferencia, Ekonomická univerzita v Bratislave. Obchodná fakulta
Format: Book
Language:Slovak
English
Published: [Bratislava] [Obchodná fakulta EU] 1994
Subjects:
Tags: Add Tag
No Tags, Be the first to tag this record!

MARC

LEADER 00000nam a2200000 4500
001 0142611
005 20240104091607.2
041 0 |a slo 
041 0 |a eng 
044 |a SK 
245 1 0 |a Smerom k európskej integrácii: sociálno - ekonomické aspekty pridruženia SR k EÚ  |b zborník príspevkov z vedeckej konferencie s medzinárodnou účasťou konanej pri príležitosti 25. výročia založenia Obchodnej fakulty Ekonomickej univerzity v Bratislave 
264 1 |a [Bratislava]  |b [Obchodná fakulta EU]  |c 1994 
300 |a 446 s. 
610 2 0 |a integrácia ekonomická medzinárodná 
610 2 0 |a vzťahy hospodárske medzinárodné 
610 2 0 |a spolupráca hospodárska medzinárodná 
610 2 0 |a ruch cestovný medzinárodný 
610 2 0 |a politika spotrebiteľská 
610 2 0 |a Slovensko 
610 2 0 |a Európska únia 
110 2 |a Smerom k európskej integrácii: sociálno - ekonomické aspekty pridruženia SR k EÚ. Medzinárodná vedecká konferencia 
710 2 |a Ekonomická univerzita v Bratislave. Obchodná fakulta